00744nam a2200169 a 4500001001000000003000400010005001700014008004100031040002500072082002100097100007100118245019400189260007700383300002000460600005500480651003900535000030586OSt20250409135219.0110524s1944 dr r 000 0 spa d aDO-SdBNPbspacBNPHU a972.9304bT852b 1 aTroncoso de la Concha, M. de J.d1878-1955.q(Manuel de Jesús) 13aEl brigadier don Juan Sánchez Ramírez :bpanegírico leído por su autor en el acto de la glorificación de este prócer el 7 de noviembre de 1944 /cM. de J. Troncoso de la Concha. aCiudad Trujillo, República Dominicana :bEditorial La Nación,c1944. a18 p. ;c22 cm.14aSánchez Ramírez, Juan 1762-1811 .d1762-1811 . 4aRepública Dominicana x Historia